| 000 | 00597nai a2200205Ia 4500 | ||
|---|---|---|---|
| 003 | IN-BaIIA | ||
| 008 | 211028c9999 xx s 000 0 eng d | ||
| 022 | _a09644563 (Print) | ||
| 022 | _a14683318 (Online) | ||
| 040 | _cIIA Library | ||
| 245 | 0 |
_aTobacco Control _h[eJournal] |
|
| 260 |
_aLondon _bBMJ |
||
| 310 | _aBi-monthly | ||
| 362 | _a1(1); 1992 - 25(6); 2016 | ||
| 521 | _bSubscribed through IIA Library | ||
| 650 | _a Medicine & Allied Health | ||
| 650 | _aHealth Sciences | ||
| 856 |
_uhttps://www.jstor.org/journal/tobaccocontrol _yClick Here to Access eJournal |
||
| 942 | _cEJ | ||
| 999 |
_c35807 _d35807 |
||